000 00687nam a2200289Ia 4500
005 20260324134623.0
008 008 260324s9999 xx 000 0 eng d
020 _a9781315783284
037 _aEBOOK
040 _aCRL
040 _beng
040 _cCRL
041 _2eng
041 _aeng
084 _qCRL
100 _aChristopher Hauke; Ian Alister
_91197515
245 0 _aJung and Film
245 0 _bPost-Jungian Takes on the Moving Image
260 _bTaylor and Francis
260 _c2001
365 _a
365 _b165
856 _uhttp://www.taylorfrancis.com/books/9781315783284
942 _cEBOOK
999 _c1797790
_d1797790